000 00638nam a2200193 i 4500
001 bgj
100 1 _aADAMCZEWSKI, Adam.
245 1 0 _aNicolaus Copernicus and his epoch /
_cJan Adamczewski ; in coop. with Edward J. Piszek.
260 _aPhiladelphia, Pa ; Washington D.C. :
_bCopernicus Society of America,
_c[ca 1980].
300 _a161, [3] pp, 6 l. colour plates :
_bphot., portr. ;
_c27 cm.
600 1 9 _aCopernicus Nicolaus (1472-1543)
655 _aBiographies
700 1 _aPISZEK, Edward J.
_ecoop.
020 _ahbk, jacket
040 _cBPK
041 0 _aeng
942 _cKS
008 s uk f |000 0 eng
999 _c47247
_d47247
856 _uhttp://koha.tu.koszalin.pl/cgi-bin/koha/opac-detail.pl?biblionumber=47247
_yKatalog online BPK